Medical microbiology for nurses (including parasitory)

Saved in:
Bibliographic Details
Main Author: ANTHIKAD, Jacob
Format: Book
Language:English
Published: Jaypee Brothers Medical Publishers 2013
Tags: Add Tag
No Tags, Be the first to tag this record!

MARC

LEADER 00000nam a22000007a 4500
008 211021b ||||| |||| 00| 0 eng d
020 |a 9789350902790 
100 |a ANTHIKAD, Jacob 
245 |a Medical microbiology for nurses (including parasitory)  |c Jacob Anthikad  |g xviii, 211p. 
260 |b Jaypee Brothers Medical Publishers  |c 2013  |h New Delhi  |i 697080  |i 697081  |l QR 46 . AN8  |m Pathogenic microorganisms 
500 |a It includes index 
942 |a lcc  |c BK  |e Adeyeye Y. S.  |f 21/10/ 21 
952 |0 0  |1 0  |2 lcc  |4 0  |6 QR0046 A N8  |7 0  |9 3647  |a HOL  |b HOL  |c QZ  |d 2021-10-21  |l 0  |o QR 46 .AN8  |p 2021-67383  |r 2021-10-21 00:00:00  |w 2021-10-21  |y BK 
952 |0 0  |1 0  |2 lcc  |4 0  |6 QR0046 A N8  |7 0  |9 3648  |a HOL  |b HE  |c QZ  |d 2021-10-21  |l 0  |o QR 46 .AN8  |p 2021-67384  |r 2021-10-21 00:00:00  |w 2021-10-21  |y BK 
999 |c 1808  |d 1808